Регионална библиотека "Любен Каравелов" - Русе

Les sciences naturelles et la philosophie de l'inconscient (Запис номер 136551)

MARC детайли
000 -Лидер
Контролно поле с фиксирана дължина nam a22 a 4500
003 - Код на организацията, давaща контролен номер
Контролно поле BLK
005 - Дата и час на последна редакция
Контролно поле 20201020154632.0
008 - Елементи от данни с фиксирана дължина
fixed length control field 180409b bul|||||r ||||||| ||bul||
010 ## - Наследен системен номер
LC control number KNG00142497000
040 ## - Източник на каталожния запис
Идентификатор на билиотеката - собственик на записа BLK
041 ## - Код за език
Код за езика на текст/звукозапис или на отделно заглавие Френски
Код за езика КДБФ Френски
072 #7 - Код за тематичната категория
Код организация bullib
Код за тематична категория Ц
Текст Редки и ценни
080 ## - УДК
Текстов определител УДК Безсъзнателно и подсъзнателно
УДК код - определител по УДК 159.964
УДК - код + определител 159.964
100 1# - Редна дума - Автор
Автор Schmidt, Oscar
Авторска отговорност първи автор
R(LIN) 325398
139 ## - Редно поле
Редна дума Schmidt, Oscar
Авторски знак Schm - S 34
245 10 - Сведения за заглавието
Заглавие Les sciences naturelles et la philosophie de l'inconscient
Подзаглавни данни Precede d'une Etude critique sur la philosophie de l'inconscient
Редно поле (дума) Oscar Schmidt; trad. de l'allem. Jules Soury; съавт. Edouard Meyer.
257 ## - Страна на издаване
Страна на създаване/издаване Франция
260 ## - Област на издателските данни
Място на издаване, разпространение и проч. Paris
Име на издателя, разпространителя и проч. Libr. Germer Bailliere
Година на издаване 1879
300 ## - Физическа характеристика
Страници ХХХVІІ, 169, 16 с.
Размери/Мащаб 18 см
380 ## - Жанр
Жанр Философия
490 ## - СЕРИИ (Колекции)
9 (RLIN) 435080
Име на серия Колекция Редки и ценни издания
650 #4 - Допълнително описание по предмет – тема
Основно описание – тема или топоним Подсъзнание
9 (RLIN) 166639
650 #4 - Допълнително описание по предмет – тема
Основно описание – тема или топоним Естествени науки - философия
9 (RLIN) 325366
653 ## - Ключова дума – ненормативна
Ключова дума подсъзнание
653 ## - Ключова дума – ненормативна
Ключова дума естествени науки
659 ## - Тематичен бюлетин
Тематичен бюлетин Ц
700 1# - Други автори (авторска отговорност)
Лично име Soury, Jules
Автороска отговорност (Описва отношението между автора и произведението) trad. de l'allem.
9 (RLIN) 24828
700 1# - Други автори (авторска отговорност)
Лично име Meyer, Edouard
Автороска отговорност (Описва отношението между автора и произведението) съавт.
9 (RLIN) 325399
852 ## - Местоположение
Форматна сигнатура Рф 879
Фондова буква Редки и ценни
856 4# - Електронен адрес и достъп
Електронен формат pdf - файл
856 4# - Електронен адрес и достъп
Електронен формат pdf - файл
999 ## - СИСТЕМНИ КОНТРОЛНИ НОМЕРА
Koha biblionumber 136551
Koha biblioitemnumber 136551
942 ## - АРТИКУЛИ
Вид на библиотечния материал Книги
Скрит в OPAC Не
Периодичен библиозапис Да
944 ## - СЪЗДАВАНЕ И РЕДАКЦИЯ на ЗАПИСА
Създаване/Редакция Създаване
Дата на регистрацията/редакция 29.04.2013
Служител, извършил регистрацията/редакцията Наталия_Медовщикова
944 ## - СЪЗДАВАНЕ И РЕДАКЦИЯ на ЗАПИСА
Създаване/Редакция Редакция
Дата на регистрацията/редакция 07.05.2013
999 ## - СИСТЕМНИ КОНТРОЛНИ НОМЕРА
Koha biblioitemnumber 136551
Наличности
Код за отписване Код за изгубен артикул Източник на класификационната схема Код за повреда Коз за рестрикции Код за отдаване Артикулен № Име на библиотеката - собственик Име на библиотеката, в която се намира в момента Статус (Текущо местоположение) Дата на вписване в системата Местоположение - отдел Цена в лева Инвентарен номер Систематично азбучна сигнатура Баркод Номер на екземпляра Цена в евро Служебна бележка Служебен тип на артикула
  Не е изгубен Universal Decimal Classification Не е повреден само за читалня Специални фондове ( старопечатни, редки и ценни, фонд М. Арнаудов) 223208 Регионална библиотека "Любен Каравелов" Русе Регионална библиотека "Любен Каравелов" Русе Редки и ценни 2000-01-01 Редки и ценни 0.44 16736 Рф 879 900000036635 1 0.22 Дост: DA Вид: А N: стар фонд Дата: 01.01.2000 Дата инв: 14.12.2016 Бележки инв: Рц2016 Книги
Vip Innovations Ltd, Rousse, Bulgaria 2025